Bulletin général de thérapeutique médicale et chirurgicale (Record no. 573)

MARC details
000 -LEADER
campo de control de longitud fija 01278nas a2200349 i 4500
001 - NÚMERO DE CONTROL
campo de control 573
003 - IDENTIFICADOR DE NÚMERO DE CONTROL
campo de control ES-MaACL
005 - FECHA Y HORA DE LA ÚLTIMA TRANSACCIÓN
campo de control 20250807062529.0
008 - DATOS DE LONGITUD FIJA--INFORMACIÓN GENERAL
campo de control de longitud fija 950801d18311939fr | | 1 ||re d
245 00 - MENCIÓN DEL TÍTULO
Título Bulletin général de thérapeutique médicale et chirurgicale
Resto del título : recueil practique /
Mención de responsabilidad, etc. publié par J.E.M. Miquel.
260 ## - PUBLICACIÓN, DISTRIBUCIÓN, ETC.
Lugar de publicación, distribución, etc. Paris :
Nombre del editor, distribuidor, etc. O. Doin-Everat,
Fecha de publicación, distribución, etc. 1831-1939 (
Fabricante Sté. Gle. d'Imp. et d'Ed)
300 ## - DESCRIPCIÓN FÍSICA
Extensión 124 v. ;
Dimensiones 21 cm.
310 ## - PERIODICIDAD ACTUAL
Periodicidad actual Irregular
362 0# - FECHAS DE PUBLICACIÓN Y/O DESIGNACIÓN SECUENCIAL
Fecha de publicación y/o designación secuencial Tome 1 (1831)-Tome 189 (1939)
650 17 - PUNTO DE ACCESO ADICIONAL DE MATERIA--TÉRMINO DE MATERIA
Término de materia o nombre geográfico como elemento de entrada Medicina
Fuente del encabezamiento o término embne
9 (RLIN) 14891
700 1# - ENTRADA AGREGADA--NOMBRE PERSONAL
Nombre de persona Miquel, J.E.M.
9 (RLIN) 81402
700 1# - ENTRADA AGREGADA--NOMBRE PERSONAL
Nombre de persona Debout,
Término indicativo de función/relación
9 (RLIN) 227472
700 1# - ENTRADA AGREGADA--NOMBRE PERSONAL
Nombre de persona Bricheteau, Félix,
Término indicativo de función/relación
9 (RLIN) 227473
700 1# - ENTRADA AGREGADA--NOMBRE PERSONAL
Nombre de persona Bouchardat, Apollinaire,
Fechas asociadas al nombre 1806-1886
9 (RLIN) 147762
700 1# - ENTRADA AGREGADA--NOMBRE PERSONAL
Nombre de persona Béhier,
Término indicativo de función/relación
9 (RLIN) 227474
700 1# - ENTRADA AGREGADA--NOMBRE PERSONAL
Nombre de persona Dolbeau,
Término indicativo de función/relación
9 (RLIN) 227475
700 1# - ENTRADA AGREGADA--NOMBRE PERSONAL
Nombre de persona Le Fort, Leon,
Término indicativo de función/relación
9 (RLIN) 227476
700 1# - ENTRADA AGREGADA--NOMBRE PERSONAL
Nombre de persona Potain,
Término indicativo de función/relación
9 (RLIN) 227477
700 1# - ENTRADA AGREGADA--NOMBRE PERSONAL
Nombre de persona Regnault,
Término indicativo de función/relación
9 (RLIN) 227478
700 0# - ENTRADA AGREGADA--NOMBRE PERSONAL
Nombre de persona Robín, Albert.
9 (RLIN) 97867
700 1# - ENTRADA AGREGADA--NOMBRE PERSONAL
Nombre de persona Desgrez, A,
Término indicativo de función/relación
9 (RLIN) 43875
785 00 - ENTRADA/ENLACE A UN TÍTULO POSTERIOR
Encabezamiento principal Bulletin générale de thérapeutique medicale, chirurgicale, obstetricale et pharmaceutique
Lugar, editor y fecha de publicación 1894
785 00 - ENTRADA/ENLACE A UN TÍTULO POSTERIOR
Encabezamiento principal Bulletin générale et thérapeutique
Lugar, editor y fecha de publicación 1924
852 ## - LOCALIZACIÓN
Ubicación ES-MaACL
Número de control de estantería Hem-186
866 #0 - MENCIÓN TEXTUAL DE FONDOS--UNIDAD BIBLIOGRÁFICA BÁSICA
Fondos 1832-1936(1937).
Holdings
Estatus retirado Estado de pérdida Estado de daño No para préstamo Colección Biblioteca de origen Biblioteca actual Ubicación en estantería Fecha de adquisición Fuente de adquisición Total de préstamos Signatura topográfica completa Código de barras Visto por última vez Precio de reemplazo Tipo de ítem Koha
        Periódicos y Revistas Biblioteca del Ateneo de Madrid Biblioteca del Ateneo de Madrid Depósito 1 17/01/2008     Hem-186 1000586 23/02/2023 23/02/2023 Revista